2021 Ballon d'Or Placements - Statistics

General Stats
  • This quiz has been taken 17 times
  • The average score is 23 of 30
Answer Stats
Points Club(s) Nationality Player % Correct
178 JuventusMan Utd Portugal Cristiano Ronaldo
100%
73 Man City Belgium Kevin De Bruyne
100%
613 BarcelonaPSG Argentina Lionel Messi
100%
121 Liverpool Egypt Mohamed Salah
100%
580 Bayern Munich Poland Robert Lewandowski
100%
6 Man Utd Portugal Bruno Fernandes
93%
33 Dortmund Norway Erling Haaland
93%
239 Real Madrid France Karim Benzema
93%
58 PSG France Kylian Mbappe
93%
9 PSG Brazil Neymar
93%
186 Chelsea France N'Golo Kante
93%
36 AC MilanPSG Italy Gianluigi Donnarumma
87%
4 Tottenham England Harry Kane
87%
460 Chelsea Italy Jorginho
87%
6 Inter Argentina Lautaro Martinez
87%
7 Man City Algeria Riyad Mahrez
87%
26 InterChelsea Belgium Romelu Lukaku
87%
0 Real Madrid Croatia Luka Modric
80%
10 Man City England Raheem Sterling
80%
26 Juventus Italy Giorgio Chiellini
73%
18 Juventus Italy Leonardo Bonucci
67%
3 Barcelona Spain Pedri
67%
2 Man City England Phil Foden
67%
1 Man City Portugal Ruben Dias
67%
8 Atletico Madrid Uruguay Luis Suarez
60%
7 Chelsea England Mason Mount
53%
0 Chelsea Spain Cesar Azpilicueta
47%
1 Inter Italy Nicolo Barella
40%
8 AC Milan Denmark Simon Kjaer
33%
1 Villarreal Spain Gerard Moreno
27%
No matching quizzes found
Score Distribution
Percent of People with Each Score
Percentile by Number Answered
Your Score History
You have not taken this quiz